000 00731nam a22002177a 4500
003 OSt
005 20251125171145.0
008 251125b |||||||| |||| 00| 0 eng d
020 _a978-0-470-04414-8.
040 _aDWCL-Main lib
_cOC
082 _28th ed.
_aCirc. 693.54 Am496s 2007
100 _aAmbrose, James E.
245 _aSimplified design of concrete structures
_cAmbrose, James E.
260 _aNew Jersey :
_bJohn Wiley & Sons,
_cc2007.
300 _axvi, 428 pages :
_billustration ;
_c22 cm.
504 _aIncludes bibliographical references and index.
650 _21. Reinforced concrete construction.
650 _22. Structural design.
700 _aTripeny, Patrick
942 _2ddc
_cBK-CIRC
_e8th ed.
_kCirc.
_n0
999 _c6331
_d6331